000 00586nam a2200205Ia 4500
005 20250326144442.0
008 250326s9999 xx 000 0 und d
020 _a987-81-315-1212-8
037 _aTextbook
040 _aFMSL
_beng
_cFMSL
041 _aeng
_2eng
084 _aX:89A P7
_qFMSL
100 _aEvans J R
_9296855
245 0 _aOperations management : concepts, techniques and applications
_cEvans J R; Collier D A
260 _aUS
_bUS, Cengage Learning
_c2007
300 _a727p
365 _b495
942 _cTB
_hX:89A P7
999 _c1303743
_d1303743